'Brainy building' for Silicon Fen (Record no. 63400)

MARC details
000 -LEADER
fixed length control field 00861cam a2200205 4500
001 - CONTROL NUMBER
control field WB3618-05
008 - FIXED-LENGTH DATA ELEMENTS--GENERAL INFORMATION
fixed length control field 000000n2000 000 0 eng u
035 ## - SYSTEM CONTROL NUMBER
System control number (Sirsi) u105883
245 ## - TITLE STATEMENT
Title 'Brainy building' for Silicon Fen
260 ## - PUBLICATION, DISTRIBUTION, ETC.
Date of publication, distribution, etc. 2000
490 ## - SERIES STATEMENT
Series statement Guardian
Volume/sequential designation 9 May 2000, 24(1)
520 ## - SUMMARY, ETC.
Summary, etc. Silicon Fen is about to acquire its first stock market-listed 'intelligent building'. EuroTelecom is to buy 49% of QTon, a company which part-owns a high-tech business support centre in Cambridge. The building, due to be ready in August will provide telecoms links, networking, and video conferencing.
590 ## - LOCAL NOTE (RLIN)
Local note WB
650 ## - SUBJECT ADDED ENTRY--TOPICAL TERM
Topical term or geographic name entry element INTELLIGENT BUILDINGS
650 ## - SUBJECT ADDED ENTRY--TOPICAL TERM
Topical term or geographic name entry element CAMBRIDGE
650 ## - SUBJECT ADDED ENTRY--TOPICAL TERM
Topical term or geographic name entry element VIDEO CONFERENCING
650 ## - SUBJECT ADDED ENTRY--TOPICAL TERM
Topical term or geographic name entry element NETWORKING TECHNOLOGIES
690 ## - LOCAL SUBJECT ADDED ENTRY--TOPICAL TERM (OCLC, RLIN)
Topical term or geographic name as entry element PROPERTY-COMMERCIAL PROPERTY-COMMERCIAL PROPERTY FINANCE AND INVESTMENT
942 ## - ADDED ENTRY ELEMENTS (KOHA)
Suppress in OPAC 0
Holdings
Withdrawn status Lost status Source of classification or shelving scheme Damaged status Not for loan Home library Current library Shelving location Date acquired Total Checkouts Full call number Barcode Date last seen Copy number Price effective from Koha item type
    Dewey Decimal Classification     London London News article 09/05/2000   WB3618-05 105883-1001 06/08/2019 1 06/08/2019 News article